Nihongo module/ (Record no. 14933)
[ view plain ]
| 000 -LEADER | |
|---|---|
| fixed length control field | 00615nam a22001697a 4500 |
| 008 - FIXED-LENGTH DATA ELEMENTS--GENERAL INFORMATION | |
| fixed length control field | 200131b ||||| |||| 00| 0 eng d |
| 020 ## - INTERNATIONAL STANDARD BOOK NUMBER | |
| International Standard Book Number | 978-971-9654-95-7 |
| 082 ## - DEWEY DECIMAL CLASSIFICATION NUMBER | |
| Edition number | 2018 |
| Classification number | DFil 495.6 |
| Item number | Oc19 |
| 100 ## - MAIN ENTRY--PERSONAL NAME | |
| Personal name | Ocdenaria, Jose Marie Elmido |
| 9 (RLIN) | 41473 |
| 245 ## - TITLE STATEMENT | |
| Title | Nihongo module/ |
| Statement of responsibility, etc. | Jose Marie Elmido Ocdenaria and Shiela Pilapil-Biscocho |
| 260 ## - PUBLICATION, DISTRIBUTION, ETC. (IMPRINT) | |
| Place of publication, distribution, etc. | Manila: |
| Name of publisher, distributor, etc. | Unlimited Books Library Seervices & Publishing Inc., |
| Date of publication, distribution, etc. | ©2018. |
| 300 ## - PHYSICAL DESCRIPTION | |
| Extent | x, 122 pages: |
| Other physical details | illustrations; |
| Dimensions | 23 cm. |
| 500 ## - GENERAL NOTE | |
| General note | Includes references |
| 650 ## - SUBJECT ADDED ENTRY--TOPICAL TERM | |
| Topical term or geographic name as entry element | Japanese language |
| 9 (RLIN) | 41732 |
| 700 ## - ADDED ENTRY--PERSONAL NAME | |
| Personal name | Pilapil-Biscocho, Shiela |
| 9 (RLIN) | 41474 |
| 942 ## - ADDED ENTRY ELEMENTS (KOHA) | |
| Source of classification or shelving scheme | Dewey Decimal Classification |
| Koha item type | Filipiniana |
| Withdrawn status | Lost status | Source of classification or shelving scheme | Damaged status | Not for loan | Collection code | Home library | Current library | Shelving location | Date acquired | Source of acquisition | Cost, normal purchase price | Total Checkouts | Full call number | Barcode | Date last seen | Date last checked out | Copy number | Price effective from | Koha item type |
|---|---|---|---|---|---|---|---|---|---|---|---|---|---|---|---|---|---|---|---|
| Dewey Decimal Classification | Filipiniana | UM Digos College - LIC | UM Digos College - LIC | Book Cart | 08/08/2019 | Purchased | 595.00 | 5 | DFil 495.6 Oc19 2018 | 25740 | 05/15/2025 | 04/16/2024 | 1 | 01/31/2020 | Filipiniana |
